000
00249nam a2200121Ia 4500
100
_a
Syck/ Garg
942
_c
BK
654
_a
Windows
245
_a
Object windows how to.
260
_b
Galgotia
_a
New Delhi
_c
1993
546
_a
ENGLISH
999
_c
33442
_d
33442